Mind Your P's and Q's Quiz Stats

Quiz Updated Jun 19, 2015

Also try: Who Gnu?
Challenge
Share
Tweet
Embed
Score 0/14 Timer 04:00
1 Play Today
Definition Word % Correct
clever or witty remark or commentquip
98.4%
to furnish or provide with whatever is neededequip
97.9%
colorless bacterial film on teethplaque
97.3%
impenetrable to lightopaque
95.1%
to excite or arouse interest or curiositypique
94.2%
story containing events that precede an existing workprequel
93.6%
to make four times as greatquadruple
91.4%
Definition Word % Correct
to make five times as greatquintuple
83.9%
required beforehandprerequisite
81.8%
patterned wood flooringparquet
77.7%
bodily makeup; buildphysique
68%
pleasantly biting or tartpiquant
61.8%
to meet the required standard ahead of timeprequalify
59.4%
plastic explosiveplastique
48.3%

You're not logged in!

Compare scores with friends on all Sporcle quizzes.
Sign Up with Email
OR
Log In

You Might Also Like...

Show Comments

Extras

Top Quizzes Today


Score Distribution

Your Account Isn't Verified!

In order to create a playlist on Sporcle, you need to verify the email address you used during registration. Go to your Sporcle Settings to finish the process.